ბათუმის შოთა რუსთაველის სახელმწიფო უნივერსიტეტის ბიბლიოთეკა

კონსტიტუციის საიდუმლოებანი = The mysteries of constitution (ბიბ.ჩანაწერი № 49345)

000 -LEADER
fixed length control field 01326nam a2200265Ia 4500
001 - CONTROL NUMBER
control field 16262
003 - CONTROL NUMBER IDENTIFIER
control field GE_BSU
008 - FIXED-LENGTH DATA ELEMENTS--GENERAL INFORMATION
fixed length control field 181216s||||||||xx |||||||||||||| ||und||
020 ## - INTERNATIONAL STANDARD BOOK NUMBER
International Standard Book Number ISBN 978-9941-9355-8-9
040 ## - CATALOGING SOURCE
Transcribing agency GE_BSU
080 ## - UNIVERSAL DECIMAL CLASSIFICATION NUMBER
Universal Decimal Classification number 342.4
100 ## - MAIN ENTRY--PERSONAL NAME
Personal name გოგიაშვილი, გ. (გიორგი)
245 ## - TITLE STATEMENT
Title კონსტიტუციის საიდუმლოებანი = The mysteries of constitution
245 ## - TITLE STATEMENT
Remainder of title ლექციები შედარებით-კონსტიტუციურ სამართალში
245 ## - TITLE STATEMENT
Statement of responsibility, etc. რედ. ზაურ ჯინჯოლავა
260 ## - PUBLICATION, DISTRIBUTION, ETC.
Place of publication, distribution, etc. თბილისი
260 ## - PUBLICATION, DISTRIBUTION, ETC.
Name of publisher, distributor, etc. იურისტების სამყარო.
260 ## - PUBLICATION, DISTRIBUTION, ETC.
Date of publication, distribution, etc. 2014
300 ## - PHYSICAL DESCRIPTION
Extent 480 გვ. ; 23 სმ.
300 ## - PHYSICAL DESCRIPTION
Other physical details თავფურ. ქართ. და ინგლ. - გარეკანზე სათ.: შედარებითი კონსტიტუციური სამართალი. - რეზ. ინგლ. - ბიბლიოგრ. ტექსტის შენიშვნებში.
653 ## - INDEX TERM--UNCONTROLLED
Uncontrolled term კონსტიტუციური სამართალი - ლექციები;
653 ## - INDEX TERM--UNCONTROLLED
Uncontrolled term სამართალი
942 ## - ADDED ENTRY ELEMENTS (KOHA)
Koha item type წიგნი
ეგზემპლარები
Withdrawn status Lost status Damaged status Not for loan Date acquired Barcode Date last seen Price effective from Koha item type
        2018-12-17 40718 2018-12-17 2018-12-17 წიგნი
        2018-12-17 40719 2018-12-17 2018-12-17 წიგნი
        2018-12-17 40720 2018-12-17 2018-12-17 წიგნი
        2018-12-17 40721 2018-12-17 2018-12-17 წიგნი